000 00656nam a22002057a 4500
003 0
005 20240206093358.0
008 240206b xxu||||| |||| 00| 0 eng d
020 _a978-1-3986-0597-8
050 _aHF 5548.32
_b.K56 2022
100 _aKingsnorth, Simon
245 _aDigital marketing : integrated approach to online marketing
_cSimon Kingsnorth
250 _a3rd edition
260 _aLondon
_bKogan Page Limited
_cc2022.
300 _axvi, 399 pages ;
_c24 cm.
504 _aIncludes bibliographical references, index, glossary.
650 _aInternet marketing.
650 _aElectronic commerce--Marketing.
942 _2lcc
_cBK
999 _c365902
_d365902